Score 0/18 Timer 03:00
0 Plays Today
Title Missing Word % Correct
The Catcher in the ____Rye
97.2%
The Lord of the ______Rings
95.8%
The Sun Also ______Rises
95.7%
_________ CrusoeRobinson
93.1%
A _____ with a ViewRoom
91.3%
The ____ Badge of CourageRed
89.9%
The Kite ______Runner
82.4%
The Velveteen _______Rabbit
82.2%
Brideshead __________Revisited
67.7%
Title Missing Word % Correct
Cannery ____Row
63.9%
The Name of the _____Rose
46.4%
The ______ of the NativeReturn
40.3%
The Bridge of San Luis ____Rey
32.2%
The Murder of ______ AckroydRoger
29.5%
Gravity's ________Rainbow
27.8%
_____: the Saga of an American FamilyRoots
27.4%
Rabbit at _____Rest
23.9%
Barnaby ______Rudge
20.7%

Today's Daily Dose

Remove Ads.
Support Sporcle.
Get the best of Sporcle when you Go Orange. This ad-free experience offers more features, more stats, and more fun while also helping to support Sporcle. Thank you for becoming a member.

You're not logged in!

Compare scores with friends on all Sporcle quizzes.
OR
Log In

Show Comments

Extras

Top Quizzes Today


Score Distribution

Your Account Isn't Verified!

In order to create a playlist on Sporcle, you need to verify the email address you used during registration. Go to your Sporcle Settings to finish the process.

Report this User

Report this user for behavior that violates our Community Guidelines.

Details: